[Event "4NCL Division 3"]
[Site "Daventry Court ENG"]
[Date "2015.05.02"]
[Round "9.239"]
[White "Anilkumar, Anantha P P (snr)"]
[Black "Bramson, Mike"]
[Result "0-1"]
[WhiteElo "1334"]
[BlackElo "1832"]
[PlyCount "108"]
[EventDate "2015.05.02"]
[WhiteTeam "KJCA Knights"]
[BlackTeam "Bradford DCA Knights B"]

1. e4 e5 2. Nf3 Nc6 3. d4 exd4 4. Nxd4 Qh4 5. Nb5 Qxe4+ 6. Be2 Kd8 7. O-O Bc5
8. N1c3 Qh4 9. g3 Qe7 10. Nd5 Qf8 11. Nbxc7 Rb8 12. Bf4 d6 13. a3 Be6 14. Nb5
a6 15. b4 Bxd5 16. bxc5 axb5 17. Bxd6 Nge7 18. Bxb8 Nxb8 19. Bf3 Nd7 20. Bxd5
Kc7 21. Rb1 Nxd5 22. Qxd5 Qxc5 23. Qxc5+ Nxc5 24. Rxb5 Kc6 25. Rfb1 Ra8 26.
Rb6+ Kd5 27. R1b5 Rxa3 28. c4+ Kxc4 29. Rb4+ Kd5 30. R6b5 Kc6 31. Kg2 Ra2 32.
Kf3 f5 33. h3 g6 34. Rb1 g5 35. R5b4 Ra5 36. Rb6+ Kd5 37. Rh6 b5 38. Rb6 Kc4
39. g4 Ra3+ 40. Kg2 fxg4 41. hxg4 Ra8 42. Rh6 b4 43. Rxh7 b3 44. Rf7 Kc3 45.
Rg7 Kc2 46. Rh1 b2 47. Rxg5 b1=Q 48. Rxb1 Kxb1 49. f4 Kc2 50. f5 Ne4 51. Rg6
Kd3 52. Kf3 Ra2 53. Kf4 Kd4 54. Rh6 Rf2# 0-1

[Event "4NCL Division 3"]
[Site "Daventry Court ENG"]
[Date "2015.05.02"]
[Round "9.240"]
[White "Braham, Peter"]
[Black "Mao, Zhongquan"]
[Result "1-0"]
[WhiteElo "1787"]
[BlackElo "1300"]
[PlyCount "55"]
[EventDate "2015.05.02"]
[WhiteTeam "Bradford DCA Knights B"]
[BlackTeam "KJCA Knights"]

1. e4 e6 2. d4 d5 3. exd5 Qxd5 4. c4 Qd8 5. Nf3 c5 6. Be3 cxd4 7. Qxd4 Qxd4 8.
Bxd4 Nc6 9. Bc3 Bb4 10. a3 Bxc3+ 11. Nxc3 Nf6 12. Nb5 O-O 13. Rd1 a6 14. Nd6
Rd8 15. c5 Ne8 16. Nxc8 Raxc8 17. Bd3 Rd5 18. b4 Rcd8 19. Ke2 Nd4+ 20. Nxd4
Rxd4 21. Bc2 Nc7 22. Ke3 e5 23. Rxd4 Rxd4 24. Rd1 Nd5+ 25. Kf3 e4+ 26. Kg3 Rxd1
27. Bxd1 f5 28. Bb3 1-0

[Event "4NCL Division 3"]
[Site "Daventry Court ENG"]
[Date "2015.05.02"]
[Round "9.245"]
[White "Walker, Nicholas P"]
[Black "Staples, Neil"]
[Result "1-0"]
[WhiteElo "2185"]
[BlackElo "1874"]
[PlyCount "89"]
[EventDate "2015.05.02"]
[WhiteTeam "Hackney 2"]
[BlackTeam "Banbury Bulldogs"]

1. Nf3 d6 2. d4 Nd7 3. e4 e5 4. Bc4 Be7 5. dxe5 Nxe5 6. Nxe5 dxe5 7. Qh5 g6 8.
Qxe5 Nf6 9. Bh6 Qd6 10. Qxd6 cxd6 11. Nc3 Be6 12. Bb5+ Bd7 13. O-O-O O-O-O 14.
f3 Be6 15. Rhe1 a6 16. Ba4 b5 17. Bb3 Rhe8 18. Bd5 Bxd5 19. Nxd5 Nxd5 20. Rxd5
f6 21. Bd2 Bf8 22. a4 Re5 23. axb5 axb5 24. Ba5 Rd7 25. Bc3 Rxd5 26. exd5 Re7
27. Rxe7 Bxe7 28. Kd2 Kb7 29. Ke3 Kb6 30. Bb4 Kc7 31. g4 Kd7 32. Ke4 Ke8 33. f4
Kd7 34. Be1 Kc7 35. h4 Kb6 36. b4 Kc7 37. f5 Kd7 38. fxg6 hxg6 39. h5 f5+ 40.
Kf4 fxg4 41. hxg6 Bf6 42. Kxg4 Bg7 43. Kf5 Bd4 44. Bh4 Bc3 45. Bf6 1-0

[Event "4NCL Division 3"]
[Site "Daventry Court ENG"]
[Date "2015.05.02"]
[Round "9.246"]
[White "Price, Andrew"]
[Black "Conway, Paul Bernard"]
[Result "1/2-1/2"]
[WhiteElo "1829"]
[BlackElo "1892"]
[PlyCount "61"]
[EventDate "2015.05.02"]
[WhiteTeam "Banbury Bulldogs"]
[BlackTeam "Hackney 2"]

1. e4 e6 2. d4 b6 3. Bd3 Bb7 4. Nf3 Nf6 5. Qe2 d5 6. e5 Nfd7 7. Bg5 Be7 8. Bxe7
Qxe7 9. O-O c5 10. c3 Nc6 11. a3 O-O 12. Nbd2 Rac8 13. b4 cxd4 14. cxd4 Rc7 15.
Qe3 h6 16. Rfc1 Rfc8 17. Nf1 Nf8 18. h4 f5 19. exf6 Qxf6 20. Re1 Ne7 21. Ng3
Neg6 22. Nh5 Qf7 23. Ne5 Nxe5 24. Qxe5 Rc3 25. Nf4 Qf6 26. h5 Qxe5 27. Rxe5 Kf7
28. Re3 Rc1+ 29. Rxc1 Rxc1+ 30. Kh2 Kf6 31. Kg3 1/2-1/2

[Event "4NCL Division 3"]
[Site "Daventry Court ENG"]
[Date "2015.05.02"]
[Round "9.247"]
[White "Burgoyne, Peter"]
[Black "Rowan, Daniel"]
[Result "1/2-1/2"]
[WhiteElo "1795"]
[BlackElo "1768"]
[PlyCount "61"]
[EventDate "2015.05.02"]
[WhiteTeam "Hackney 2"]
[BlackTeam "Banbury Bulldogs"]

1. e4 c5 2. c3 Nf6 3. e5 Nd5 4. d4 cxd4 5. cxd4 e6 6. Nc3 Nxc3 7. bxc3 Qc7 8.
Nf3 b6 9. Bd2 Bb7 10. Bd3 d6 11. O-O Nd7 12. Re1 Be7 13. Rc1 O-O 14. Bf4 dxe5
15. Nxe5 Nxe5 16. Bxe5 Bd6 17. Re3 Bxe5 18. Rxe5 Rfd8 19. Qc2 g6 20. h4 Rac8
21. h5 Qe7 22. hxg6 hxg6 23. Bxg6 Rxd4 24. Bh7+ Kf8 25. Rce1 Rg4 26. Be4 Bxe4
27. R5xe4 Rxe4 28. Rxe4 Qf6 29. Re3 Rc5 30. Rd3 Qg6 31. Qd2 1/2-1/2

[Event "4NCL Division 3"]
[Site "Daventry Court ENG"]
[Date "2015.05.02"]
[Round "9.248"]
[White "Graff, Ben"]
[Black "Booth, Richard"]
[Result "1/2-1/2"]
[WhiteElo "1750"]
[BlackElo "1712"]
[PlyCount "55"]
[EventDate "2015.05.02"]
[WhiteTeam "Banbury Bulldogs"]
[BlackTeam "Hackney 2"]

1. e4 e5 2. Nf3 Nc6 3. Bb5 Nf6 4. O-O Nxe4 5. Re1 Nd6 6. Bxc6 dxc6 7. Nxe5 Be6
8. Qf3 Qf6 9. Qxf6 gxf6 10. Nf3 Bh6 11. Nc3 O-O-O 12. d3 Bxc1 13. Raxc1 Rhg8
14. Ne4 Rg6 15. Nxd6+ cxd6 16. g3 f5 17. Nh4 Rg4 18. f4 Rdg8 19. Kf2 Kd7 20. c4
Re8 21. Nf3 h6 22. Re3 Rgg8 23. Rce1 a5 24. b3 a4 25. Nd4 axb3 26. axb3 c5 27.
Nf3 b5 28. Ra1 1/2-1/2

[Event "4NCL Division 3"]
[Site "Daventry Court ENG"]
[Date "2015.05.02"]
[Round "9.249"]
[White "Balloglu, Piro"]
[Black "Beckett, Richard"]
[Result "1/2-1/2"]
[WhiteElo "1690"]
[BlackElo "1620"]
[PlyCount "60"]
[EventDate "2015.05.02"]
[WhiteTeam "Hackney 2"]
[BlackTeam "Banbury Bulldogs"]

1. e4 c5 2. Nf3 d6 3. d4 cxd4 4. Nxd4 Nf6 5. Nc3 a6 6. Bg5 e6 7. g3 Be7 8. Bg2
O-O 9. O-O Nbd7 10. Kh1 h6 11. Be3 Qc7 12. Qe2 Rb8 13. f4 b5 14. e5 dxe5 15.
Nc6 Nb6 16. fxe5 Nfd5 17. Nxb8 Nxe3 18. Qxe3 Qxb8 19. b3 b4 20. Ne2 Nd5 21. Qe4
Bc5 22. Rf3 Qb6 23. Rd3 a5 24. Nf4 Ba6 25. Nxd5 Bxd3 26. Qxd3 exd5 27. Qxd5 Rd8
28. Qe4 Bd4 29. Rd1 Bxe5 30. Rxd8+ Qxd8 1/2-1/2

[Event "4NCL Division 3"]
[Site "Daventry Court ENG"]
[Date "2015.05.02"]
[Round "9.250"]
[White "Rumsby, Stephen"]
[Black "Rivlin, Mark"]
[Result "0-1"]
[WhiteElo "1577"]
[BlackElo "1652"]
[PlyCount "36"]
[EventDate "2015.05.02"]
[WhiteTeam "Banbury Bulldogs"]
[BlackTeam "Hackney 2"]

1. e4 e5 2. Nf3 Nc6 3. Bb5 a6 4. Ba4 Nf6 5. d3 h6 6. c3 Be7 7. Nbd2 d6 8. h3
O-O 9. Nf1 Be6 10. Ne3 Nh7 11. d4 exd4 12. cxd4 d5 13. e5 f5 14. Nh2 f4 15.
Neg4 h5 16. Nh6+ gxh6 17. Qxh5 Qe8 18. Qxh6 Bg5 0-1

[Event "4NCL Division 3"]
[Site "Daventry Court ENG"]
[Date "2015.05.02"]
[Round "9.255"]
[White "Webster, Richard J"]
[Black "Ireland, David J"]
[Result "0-1"]
[WhiteElo "1961"]
[BlackElo "1909"]
[PlyCount "42"]
[EventDate "2015.05.02"]
[WhiteTeam "e2e4.org.uk 4"]
[BlackTeam "Throw in the Tal"]

1. c4 e5 2. Nc3 Nc6 3. g3 Nf6 4. Bg2 d6 5. e3 g6 6. Nge2 Bg7 7. O-O O-O 8. a3
a5 9. d3 Nh5 10. Rb1 f5 11. b4 axb4 12. axb4 f4 13. exf4 exf4 14. gxf4 Qh4 15.
Nd5 Bg4 16. f3 Bf5 17. Nxc7 Ra2 18. Nb5 Re8 19. Rf2 Nd4 20. Nbc3 Nxe2+ 21. Rxe2
Bd4+ 0-1

[Event "4NCL Division 3"]
[Site "Daventry Court ENG"]
[Date "2015.05.02"]
[Round "9"]
[White "Goodwin, Ed H"]
[Black "Taylor, Dale C"]
[Result "0-1"]
[WhiteElo "1862"]
[BlackElo "1974"]
[PlyCount "86"]
[EventDate "2015.05.02"]
[WhiteTeam "Throw in the Tal"]
[BlackTeam "e2e4.org.uk 4"]

1. d4 Nf6 2. Bf4 e6 3. e3 c5 4. c3 Nc6 5. Bd3 d5 6. Nf3 Bd6 7. Bg3 Qe7 8. Ne5
Bd7 9. Nd2 O-O-O 10. Nxf7 Bxg3 11. Nxd8 Bxf2+ 12. Kxf2 Rxd8 13. Rf1 e5 14. Kg1
exd4 15. Nf3 c4 16. Bc2 Qxe3+ 17. Kh1 d3 18. Ba4 Ne4 19. Qe1 Qh6 20. Qh4 Qxh4
21. Nxh4 Ne5 22. Bxd7+ Rxd7 23. Rf8+ Kc7 24. Nf3 Ng4 25. Kg1 Ne3 26. Re1 Nc2
27. Rc1 Re7 28. Rf5 Kd6 29. Rf8 Ne3 30. Re1 Nc2 31. Rc1 g6 32. Rd8+ Rd7 33. Re8
a6 34. Rd1 g5 35. Rg8 Ne3 36. Re1 g4 37. Nd2 Nxd2 38. Rxe3 Ne4 39. Re1 d2 40.
Rd1 h5 41. Rf8 d4 42. Rf5 dxc3 43. bxc3 Ke6 0-1

[Event "4NCL Division 3"]
[Site "Daventry Court ENG"]
[Date "2015.05.02"]
[Round "9.1"]
[White "Willow, Jonah B"]
[Black "Byrne, Nigel"]
[Result "1-0"]
[WhiteElo "1888"]
[BlackElo "1832"]
[PlyCount "105"]
[EventDate "2015.05.02"]
[WhiteTeam "e2e4.org.uk 4"]
[BlackTeam "Throw in the Tal"]

1. e4 d6 2. d4 Nf6 3. Nc3 c6 4. f4 Qa5 5. Bd2 e5 6. fxe5 dxe5 7. d5 Qd8 8. Bg5
Be7 9. Bxf6 gxf6 10. Qf3 cxd5 11. Nxd5 Nc6 12. O-O-O Nd4 13. Qc3 Bd6 14. Nf3
Bg4 15. Nxd4 exd4 16. Rxd4 Be5 17. Bb5+ Kf8 18. Qb4+ Kg7 19. Rd2 Qf8 20. Qxf8+
Rhxf8 21. Be2 Be6 22. Rf1 Rfd8 23. g3 Rac8 24. Rfd1 Rc6 25. Kb1 Rcd6 26. Rd3 f5
27. Bf3 fxe4 28. Bxe4 Bg4 29. R1d2 Bh3 30. Ne3 Rxd3 31. Rxd3 Rxd3 32. Bxd3 h5
33. Be4 b6 34. c3 h4 35. Bf5 Bxf5+ 36. Nxf5+ Kf6 37. Nxh4 Bd6 38. Kc2 Kg5 39.
Kd3 f5 40. Nf3+ Kg4 41. Ke3 f4+ 42. gxf4 Bxf4+ 43. Ke4 Bd6 44. Ne5+ Kh3 45. Kd5
Bc5 46. Nc6 a6 47. Nb8 a5 48. Nd7 Be3 49. Kc6 Bc1 50. b3 Bb2 51. c4 Kxh2 52.
Kxb6 Bc3 53. c5 1-0

[Event "4NCL Division 3"]
[Site "Daventry Court ENG"]
[Date "2015.05.02"]
[Round "9.2"]
[White "Hendy, Jerry S"]
[Black "Hewitt, Sean D"]
[Result "0-1"]
[WhiteElo "1726"]
[BlackElo "1869"]
[PlyCount "122"]
[EventDate "2015.05.02"]
[WhiteTeam "Throw in the Tal"]
[BlackTeam "e2e4.org.uk 4"]

1. e4 e5 2. f4 d5 3. exd5 e4 4. Bc4 Nf6 5. Nc3 Bc5 6. d4 exd3 7. cxd3 O-O 8. d4
Bb4 9. Nge2 Nxd5 10. O-O Nb6 11. Bd3 Re8 12. f5 Nc6 13. a3 Bf8 14. Bc2 Nd5 15.
Qd3 a6 16. Bd2 b5 17. Nxd5 Qxd5 18. Bc3 Bb7 19. Nf4 Qd8 20. Rad1 Bd6 21. Bb3
Qg5 22. Nh3 Qe3+ 23. Qxe3 Rxe3 24. Rfe1 Rae8 25. Rxe3 Rxe3 26. Kf2 Re7 27. g3
h6 28. Bd5 Nd8 29. Bxb7 Nxb7 30. Bd2 c5 31. Bf4 c4 32. Kf3 Kf8 33. g4 Ke8 34.
Bxd6 Nxd6 35. Nf4 Kd7 36. Nd5 Re8 37. Nc3 Kc6 38. b4 cxb3 39. Rb1 Nc4 40. Kf4
Nxa3 41. Rxb3 Nc4 42. Rb1 Ne3 43. Ne4 Kd5 44. Nc5 Kxd4 45. Nxa6 Nd5+ 46. Kg3
Kc4 47. Rc1+ Nc3 48. Nc7 Rc8 49. Nxb5 Kxb5 50. Re1 Rc7 51. h4 Nd5 52. g5 hxg5
53. hxg5 Re7 54. Rh1 Kc6 55. Rh7 f6 56. Kg4 Kd6 57. Rh1 Re4+ 58. Kg3 fxg5 59.
Rh7 Re3+ 60. Kf2 Re7 61. Rh5 Nf6 0-1

[Event "4NCL Division 3"]
[Site "Daventry Court ENG"]
[Date "2015.05.02"]
[Round "9.3"]
[White "Flynn, David"]
[Black "McCann, John"]
[Result "1/2-1/2"]
[WhiteElo "1848"]
[BlackElo "1773"]
[PlyCount "52"]
[EventDate "2015.05.02"]
[WhiteTeam "e2e4.org.uk 4"]
[BlackTeam "Throw in the Tal"]

1. e4 e5 2. Nf3 Nf6 3. Nxe5 d6 4. Nf3 Nxe4 5. Nc3 Nxc3 6. dxc3 Be7 7. Bc4 O-O
8. Be3 Nd7 9. Qd2 Nf6 10. O-O-O Bf5 11. Nd4 Ne4 12. Qe1 Bg6 13. Ne2 Re8 14. Nf4
Bg5 15. f3 Nf6 16. Qf2 Nh5 17. Nd5 c6 18. Bxg5 Qxg5+ 19. f4 Qd8 20. Nb4 Re4 21.
Rd4 Rxd4 22. cxd4 d5 23. Bd3 Bxd3 24. Nxd3 Nf6 25. Nc5 b6 26. Nd3 Ne4 1/2-1/2

[Event "4NCL Division 3"]
[Site "Daventry Court ENG"]
[Date "2015.05.02"]
[Round "9.4"]
[White "Woolgar, Steve"]
[Black "David, Ivan"]
[Result "0-1"]
[WhiteElo "1705"]
[BlackElo "1834"]
[PlyCount "82"]
[EventDate "2015.05.02"]
[WhiteTeam "Throw in the Tal"]
[BlackTeam "e2e4.org.uk 4"]

1. c4 Nf6 2. Nc3 g6 3. g3 d5 4. cxd5 Nxd5 5. Bg2 Nb6 6. Nf3 Bg7 7. O-O O-O 8.
d4 c6 9. e4 Bg4 10. Ne2 Qc8 11. Qc2 Bh3 12. Be3 Bxg2 13. Kxg2 N8d7 14. a4 a5
15. Rac1 Qe8 16. b3 Nc8 17. Rfd1 Nd6 18. Qd3 h6 19. Rc2 f5 20. e5 Ne4 21. e6
Nb6 22. Ne5 Rf6 23. Nf7 Rxe6 24. Nxh6+ Kh7 25. Nf4 Rd6 26. f3 Nf6 27. Nxf5 gxf5
28. Qxf5+ Kg8 29. Rcd2 Nbd5 30. Nxd5 Nxd5 31. Bf2 Qg6 32. Qxg6 Rxg6 33. Kf1 Rd6
34. Re1 Kf7 35. Re4 Rad8 36. h4 Nf6 37. Ree2 c5 38. g4 cxd4 39. g5 Nh5 40. Re4
e5 41. Bg1 Ng3+ 0-1

[Event "4NCL Division 3"]
[Site "Daventry Court ENG"]
[Date "2015.05.02"]
[Round "9.9"]
[White "Chan, Nevil"]
[Black "Herring, Sam"]
[Result "1-0"]
[WhiteElo "2030"]
[BlackElo "1781"]
[PlyCount "79"]
[EventDate "2015.05.02"]
[WhiteTeam "Cambridge University 3"]
[BlackTeam "Celtic Tigers 2"]

1. d4 Nf6 2. Nc3 d5 3. Bg5 c5 4. Bxf6 gxf6 5. e3 Nc6 6. Qh5 e6 7. Nf3 Bd7 8.
O-O-O Bg7 9. e4 cxd4 10. exd5 exd5 11. Nxd4 f5 12. Nxf5 Bxc3 13. bxc3 Bxf5 14.
Qxf5 Qd7 15. Qxd7+ Kxd7 16. Rxd5+ Kc7 17. Bb5 Rae8 18. Kd2 a6 19. Bxc6 Kxc6 20.
Rd4 Rhg8 21. g3 Rg5 22. Re1 Rge5 23. Rxe5 Rxe5 24. Rh4 h5 25. Rf4 Rd5+ 26. Kc1
f5 27. Rh4 Kc5 28. Rxh5 Kc4 29. Rh7 Kxc3 30. Rxb7 Re5 31. Rb3+ Kc4 32. Rf3 Kd4
33. Kd2 Ra5 34. a4 Ke4 35. Rf4+ Ke5 36. h4 Rd5+ 37. Kc3 a5 38. h5 Rd7 39. h6
Rc7+ 40. Kb3 1-0

[Event "4NCL Division 3"]
[Site "Daventry Court ENG"]
[Date "2015.05.02"]
[Round "9.10"]
[White "Wagner, Guy"]
[Black "Gooding, Ian"]
[Result "1-0"]
[WhiteElo "1821"]
[BlackElo "2027"]
[PlyCount "75"]
[EventDate "2015.05.02"]
[WhiteTeam "Celtic Tigers 2"]
[BlackTeam "Cambridge University 3"]

1. Nf3 b5 2. d4 Nf6 3. Nbd2 Bb7 4. e3 a6 5. Bd3 e6 6. O-O c5 7. b3 Nc6 8. Bb2
Be7 9. c3 O-O 10. Qe2 Qb6 11. e4 cxd4 12. cxd4 Nb4 13. Bb1 Rac8 14. a3 Nc2 15.
Qd3 Nxa1 16. e5 g6 17. exf6 Bxf6 18. Bxa1 Qd6 19. Bb2 Qf4 20. Re1 Bg7 21. h4 h5
22. Ne4 d6 23. g3 Qg4 24. Nfg5 Rfd8 25. Qe3 Bxe4 26. Bxe4 d5 27. Bb1 Bf6 28.
Kg2 Bxg5 29. hxg5 e5 30. f3 exd4 31. Bxd4 Qe6 32. Qd2 Qd6 33. g4 Re8 34. Rh1
Qe6 35. Bd3 Kf8 36. gxh5 gxh5 37. Rxh5 Ke7 38. Rh6 1-0

[Event "4NCL Division 3"]
[Site "Daventry Court ENG"]
[Date "2015.05.02"]
[Round "9.11"]
[White "Kreuzer, Christopher RL"]
[Black "Essinger, James"]
[Result "1/2-1/2"]
[WhiteElo "1945"]
[BlackElo "1723"]
[PlyCount "82"]
[EventDate "2015.05.02"]
[WhiteTeam "Cambridge University 3"]
[BlackTeam "Celtic Tigers 2"]

1. e4 g6 2. d4 Bg7 3. Nf3 d6 4. Bc4 Nf6 5. Nc3 O-O 6. Bb3 Nc6 7. a3 Bg4 8. Be3
e5 9. dxe5 Nxe5 10. Qe2 a6 11. Bg5 h6 12. Bh4 g5 13. Bg3 Bh5 14. Bxe5 dxe5 15.
O-O c6 16. Qe3 Qe7 17. Ne2 Kh7 18. Ng3 Bg6 19. Nf5 Bxf5 20. exf5 e4 21. Rae1
Rfe8 22. Nd2 Qd7 23. Nc4 Nd5 24. Qh3 b5 25. Ne3 Nf4 26. Qg4 Qe7 27. h4 Bxb2 28.
hxg5 Qxg5 29. Qxg5 hxg5 30. g3 Bc3 31. gxf4 Bxe1 32. Rxe1 gxf4 33. Ng2 f3 34.
Nh4 Kg7 35. Kh2 Rh8 36. Rxe4 Kf6 37. Kg3 Rag8+ 38. Kxf3 Rh5 39. Ke3 Rg1 40. Nf3
Ra1 41. a4 Rxf5 1/2-1/2

[Event "4NCL Division 3"]
[Site "Daventry Court ENG"]
[Date "2015.05.02"]
[Round "9.12"]
[White "Stampe, Chris"]
[Black "Ivanov, George"]
[Result "0-1"]
[WhiteElo "1720"]
[BlackElo "1772"]
[PlyCount "76"]
[EventDate "2015.05.02"]
[WhiteTeam "Celtic Tigers 2"]
[BlackTeam "Cambridge University 3"]

1. e4 e5 2. f4 d5 3. exd5 e4 4. d3 exd3 5. Qxd3 Nf6 6. c4 Nbd7 7. Nf3 Nc5 8.
Qe3+ Be7 9. b4 Nce4 10. a3 O-O 11. Bd3 Bf5 12. O-O Re8 13. Ne5 a5 14. Nd2 Nxd2
15. Bxd2 Bxd3 16. Qxd3 Bd6 17. Bc3 c6 18. Rad1 axb4 19. axb4 cxd5 20. c5 Bf8
21. Qd4 Qc7 22. g4 Ne4 23. Bb2 Nxc5 24. Rc1 b6 25. Rf3 Qb7 26. bxc5 Bxc5 27.
Rxc5 bxc5 28. Qc3 f6 29. Nd3 c4 30. Nc5 Qc6 31. Qd4 Ra5 32. Ba3 Rea8 33. Bb4
Rb5 34. Re3 Rxb4 35. Re6 Rb1+ 36. Kg2 Ra2+ 37. Kg3 Qxe6 38. Nxe6 Rb3+ 0-1

[Event "4NCL Division 3"]
[Site "Daventry Court ENG"]
[Date "2015.05.02"]
[Round "9.13"]
[White "Breed, Greg"]
[Black "Kitchen, Peter"]
[Result "1-0"]
[WhiteElo "1746"]
[BlackElo "1682"]
[PlyCount "53"]
[EventDate "2015.05.02"]
[WhiteTeam "Cambridge University 3"]
[BlackTeam "Celtic Tigers 2"]

1. d4 d5 2. Nf3 Nf6 3. Bg5 e6 4. e3 Be7 5. Bd3 c5 6. c3 Nc6 7. Nbd2 Qc7 8. O-O
O-O 9. Re1 h6 10. Bh4 b6 11. Rc1 Re8 12. Bb1 Nd7 13. e4 Bxh4 14. Nxh4 Ba6 15.
Qf3 Nf6 16. e5 Nd7 17. Qh3 Rac8 18. f4 Nf8 19. f5 exf5 20. Nxf5 Re6 21. Re3 Kh8
22. Nd6 Rd8 23. Qf3 Rdxd6 24. exd6 Rxd6 25. Re8 Rd8 26. Rce1 Qd6 27. Qxf7 1-0

[Event "4NCL Division 3"]
[Site "Daventry Court ENG"]
[Date "2015.05.02"]
[Round "9.14"]
[White "Herring, Tim JC"]
[Black "Ivanov, Elizabeth"]
[Result "1/2-1/2"]
[WhiteElo "1569"]
[BlackElo "1521"]
[PlyCount "46"]
[EventDate "2015.05.02"]
[WhiteTeam "Celtic Tigers 2"]
[BlackTeam "Cambridge University 3"]

1. d4 d5 2. Bf4 c6 3. c3 e6 4. e3 Bd6 5. Bg3 Bxg3 6. hxg3 Nf6 7. Nd2 Nbd7 8.
Bd3 e5 9. Nh3 c5 10. Qa4 O-O 11. Qc2 c4 12. Bf5 Re8 13. O-O-O b5 14. Rh2 Nf8
15. Rdh1 Bxf5 16. Qxf5 g6 17. Qg5 exd4 18. exd4 h5 19. Qh4 b4 20. Ng5 bxc3 21.
bxc3 Qd6 22. Qf4 Qa3+ 23. Kd1 Qa4+ 1/2-1/2

[Event "4NCL Division 3"]
[Site "Daventry Court ENG"]
[Date "2015.05.02"]
[Round "9.19"]
[White "Pozimski, Szymon"]
[Black "Hogan, Douglas"]
[Result "1/2-1/2"]
[WhiteElo "1945"]
[BlackElo "1922"]
[PlyCount "104"]
[EventDate "2015.05.02"]
[WhiteTeam "Oxford 3"]
[BlackTeam "Anglian Avengers 3"]

1. e4 e6 2. d4 d5 3. Nd2 Nf6 4. Bd3 c5 5. dxc5 Bxc5 6. exd5 exd5 7. Qe2+ Be7 8.
Bb5+ Nc6 9. Ngf3 O-O 10. c3 Bf5 11. O-O a6 12. Bd3 Bg4 13. h3 Bh5 14. Nb3 Re8
15. Bg5 Bd6 16. Qd1 Bc7 17. Bh4 h6 18. Bg3 Bxg3 19. fxg3 Qb6+ 20. Kh1 Ne4 21.
Qe1 Ng5 22. Qd2 Ne4 23. Bxe4 dxe4 24. Nfd4 e3 25. Qe1 Nxd4 26. cxd4 Rac8 27.
Rf5 Bg6 28. Rc5 Rxc5 29. dxc5 Qb5 30. Rd1 Qa4 31. Qc3 Qe4 32. Re1 f6 33. Nd4
Bf7 34. a3 Bd5 35. Nf3 Bc6 36. Qd4 Qxd4 37. Nxd4 Re4 38. Nxc6 bxc6 39. Kg1 Kf7
40. Kf1 Ke6 41. Ke2 Ke5 42. Kd3 e2 43. Rxe2 Rxe2 44. Kxe2 Kd4 45. Kd2 Kxc5 46.
Kc3 a5 47. b3 f5 48. Kd3 Kd5 49. b4 a4 50. Kc3 g6 51. Kd3 g5 52. h4 gxh4
1/2-1/2

[Event "4NCL Division 3"]
[Site "Daventry Court ENG"]
[Date "2015.05.02"]
[Round "9.20"]
[White "Lamont, Richard"]
[Black "Terry, Sean"]
[Result "1-0"]
[WhiteElo "1893"]
[BlackElo "1930"]
[PlyCount "51"]
[EventDate "2015.05.02"]
[WhiteTeam "Anglian Avengers 3"]
[BlackTeam "Oxford 3"]

1. e4 c5 2. Nf3 Nc6 3. d4 cxd4 4. Nxd4 e6 5. Be2 Bc5 6. Nb3 Bb6 7. O-O h5 8. c4
Qh4 9. N1d2 Ne5 10. c5 Bc7 11. f4 Ng4 12. Nf3 Qe7 13. Ng5 N8h6 14. h3 f6 15.
Nf3 b6 16. hxg4 hxg4 17. Nh4 f5 18. Ng6 Qf6 19. Nxh8 Qh4 20. Ng6 Qh5 21. exf5
exf5 22. Ne5 Bxe5 23. fxe5 Bb7 24. Bf4 O-O-O 25. cxb6 Nf7 26. Rc1+ 1-0

[Event "4NCL Division 3"]
[Site "Daventry Court ENG"]
[Date "2015.05.02"]
[Round "9.21"]
[White "Neatherway, A Philip"]
[Black "Ali, Niall"]
[Result "1-0"]
[WhiteElo "1873"]
[BlackElo "1720"]
[PlyCount "65"]
[EventDate "2015.05.02"]
[WhiteTeam "Oxford 3"]
[BlackTeam "Anglian Avengers 3"]

1. e4 e6 2. d4 d5 3. Nd2 c5 4. exd5 exd5 5. Bb5+ Nc6 6. Qe2+ Be6 7. Ngf3 Nf6 8.
O-O Bd6 9. dxc5 Bxc5 10. Nb3 Bb6 11. Bg5 O-O 12. Rad1 h6 13. Bh4 g5 14. Bg3 a6
15. Bxc6 bxc6 16. c3 Ne4 17. Nfd4 c5 18. Nxe6 fxe6 19. f3 c4+ 20. Nd4 Nc5 21.
Bf2 Rf6 22. Nc6 Qc7 23. Ne5 Nd7 24. Nxd7 Bxf2+ 25. Qxf2 Qxd7 26. Rfe1 Qa4 27.
Qb6 Qb5 28. Qd6 Qb8 29. Rxd5 exd5 30. Qxf6 Ra7 31. Qg6+ Kf8 32. Qxh6+ Rg7 33.
Qh8+ 1-0

[Event "4NCL Division 3"]
[Site "Daventry Court ENG"]
[Date "2015.05.02"]
[Round "9.22"]
[White "Cocks, Elliot"]
[Black "Cole, Graham L"]
[Result "1/2-1/2"]
[WhiteElo "1780"]
[BlackElo "1825"]
[PlyCount "67"]
[EventDate "2015.05.02"]
[WhiteTeam "Anglian Avengers 3"]
[BlackTeam "Oxford 3"]

1. e4 c5 2. d4 cxd4 3. c3 Nf6 4. e5 Nd5 5. Nf3 e6 6. Bg5 Be7 7. Bxe7 Qxe7 8.
Bc4 dxc3 9. bxc3 Nb6 10. Bb3 Nc6 11. Nbd2 d5 12. O-O O-O 13. Bc2 Bd7 14. Nb3
Nc4 15. Qd3 g6 16. Rfe1 f6 17. exf6 Rxf6 18. Nbd4 Raf8 19. Rab1 Bc8 20. Ba4
Nxd4 21. Qxd4 Nb6 22. Bb3 Rf4 23. Qd2 Qf6 24. Re3 a5 25. a4 Nc4 26. Bxc4 Rxc4
27. Nd4 Rxa4 28. Rf3 Qe7 29. Rxf8+ Qxf8 30. Qe2 Qf6 31. Nb5 Re4 32. Qd2 Qe5 33.
c4 Rxc4 34. Qxa5 1/2-1/2

[Event "4NCL Division 3"]
[Site "Daventry Court ENG"]
[Date "2015.05.02"]
[Round "9.23"]
[White "Gossiaux, Ryan P"]
[Black "Woodcock, Keith"]
[Result "1-0"]
[WhiteElo "1735"]
[BlackElo "1656"]
[PlyCount "71"]
[EventDate "2015.05.02"]
[WhiteTeam "Oxford 3"]
[BlackTeam "Anglian Avengers 3"]

1. e4 c5 2. Nf3 g6 3. d4 cxd4 4. Nxd4 Bg7 5. c4 d6 6. Nc3 Nf6 7. Be3 O-O 8. Be2
Nc6 9. O-O Nxd4 10. Bxd4 Be6 11. Qd3 a6 12. b3 Rc8 13. Rad1 Bd7 14. Bf3 Bg4 15.
Bxf6 Bxf3 16. Bxg7 Kxg7 17. Qxf3 Qa5 18. Nd5 Qd8 19. Rfe1 Rc6 20. e5 dxe5 21.
Nb4 Rd6 22. Rxd6 Qxd6 23. Nd5 f6 24. Rd1 Rd8 25. Ne3 Qc7 26. Rxd8 Qxd8 27. Qxb7
Qd6 28. Nd5 Kf7 29. g3 f5 30. Qc7 Ke6 31. Qxd6+ Kxd6 32. b4 e6 33. Nc3 e4 34.
c5+ Kc6 35. Kf1 a5 36. a3 1-0

[Event "4NCL Division 3"]
[Site "Daventry Court ENG"]
[Date "2015.05.02"]
[Round "9.29"]
[White "Kane, Robert (Bob) B"]
[Black "Karia, Kamlesh"]
[Result "1-0"]
[WhiteElo "1888"]
[BlackElo "1660"]
[PlyCount "75"]
[EventDate "2015.05.02"]
[WhiteTeam "BCM Hippos [3]"]
[BlackTeam "Barnet Knights 2"]

1. d4 d5 2. Nf3 Nf6 3. e3 Bf5 4. c4 c6 5. Nc3 e6 6. Qb3 Qc7 7. Bd2 Nbd7 8. Rc1
Qb6 9. c5 Qxb3 10. axb3 Be7 11. Nh4 Bg6 12. Nxg6 hxg6 13. Be2 Bd8 14. b4 Bc7
15. b5 Ke7 16. f4 Rh4 17. h3 Rh7 18. Kf2 Rc8 19. Ra1 Bb8 20. b4 Ne8 21. bxc6
bxc6 22. Ra6 f5 23. Rb1 Ndf6 24. Bd1 Ne4+ 25. Nxe4 fxe4 26. Ba4 Kd7 27. b5 cxb5
28. Rxb5 Ke7 29. Rb7+ Kf6 30. Ba5 Rh8 31. Bd7 Nc7 32. Rc6 Rcd8 33. Bxc7 Rxd7
34. Be5+ Ke7 35. Rxb8 Rxb8 36. Bxb8 Kf6 37. Be5+ Kf5 38. g4# 1-0

[Event "4NCL Division 3"]
[Site "Daventry Court ENG"]
[Date "2015.05.02"]
[Round "9.30"]
[White "Balouka-Myers, Gabriel"]
[Black "Fowler, David W"]
[Result "0-1"]
[WhiteElo "1705"]
[BlackElo "1885"]
[PlyCount "88"]
[EventDate "2015.05.02"]
[WhiteTeam "Barnet Knights 2"]
[BlackTeam "BCM Hippos [3]"]

1. Nf3 d5 2. g3 c6 3. Bg2 Bg4 4. Ne5 Bf5 5. d4 Nd7 6. Nxd7 Qxd7 7. c4 e6 8. O-O
Nf6 9. b3 Be7 10. Bb2 O-O 11. Nc3 Rad8 12. e3 Bd6 13. c5 Bc7 14. b4 e5 15. dxe5
Bxe5 16. Qe2 Rfe8 17. Rfd1 Qe6 18. Qd2 Bc7 19. Ne2 Ne4 20. Nd4 Qg6 21. Qe2 h5
22. Nxf5 Qxf5 23. Bxe4 dxe4 24. Rxd8 Rxd8 25. Rd1 Rd3 26. Rxd3 exd3 27. Qd2 h4
28. Bd4 h3 29. f4 Qe4 30. Qb2 Bd8 31. Qd2 f5 32. Be5 Bf6 33. Bxf6 gxf6 34. a3
Qd5 35. a4 a6 36. a5 Kg7 37. e4 Qxe4 38. Kf2 Kg6 39. Qe3 Kf7 40. Qxe4 fxe4 41.
g4 d2 42. Ke2 e3 43. Kd1 Ke6 44. Ke2 Kd5 0-1